000 00690nam a2200217 a 4500
001 BRCA_25
005 20190320202840.0
008 241007s1989----sp-a---###---#000-0#spa-#
020 _a8478440216
050 4 _aN7740
_b.P72 1989
100 1 _aPraz, Mario
_d1896-
_9118
245 1 0 _aImágenes del barroco
_bestudios de emblemática
_cMario Praz ; traducción de José María Parreño.
260 _aMadrid
_bSiruela
_c1989
300 _a269 p.
_bil.
_c30 cm.
500 _aTraducción de: Studies in Seventeenth-Century Imagery
500 _aIncluye índice onomástico
504 _aBibliografía: p. 261-264
650 1 4 _aDivisas
_9119
650 1 4 _aEmblemas
_xHistoria
_9120
942 _2lcc
_cB
999 _c25
_d25